000 00303nam a2200121Ia 4500
008 190216s9999||||xx |||||||||||||| ||und||
100 _aJoseph A Schumpeter
245 0 _aTheory Of Economic Development
260 _bHimalaya Publishing House
_c1934
300 _a255p
650 _aCommerce
942 _cBK
999 _c4376
_d4376